Derecho inmobiliario actual
Uloženo v:
| Hlavní autor: | |
|---|---|
| Korporativní autor: | |
| Médium: | Kniha |
| Jazyk: | španělština |
| Vydáno: |
Santiago
Legal Publishing
2014
|
| Vydání: | 1a. ed |
| Témata: | |
| Tagy: |
Přidat tag
Žádné tagy, Buďte první, kdo vytvoří štítek k tomuto záznamu!
|
MARC
| LEADER | 00000cam a2200000 a 4500 | ||
|---|---|---|---|
| 001 | UCE4884 | ||
| 003 | CL-VaPUC | ||
| 008 | 141113e20140800cl |||||||||||||||||spa|d | ||
| 020 | |a 9789563465785 | ||
| 082 | 0 | 4 | |a 346.83044 |b FIG |2 21 |
| 100 | 0 | |a Figueroa Valdés, Juan Eduardo |e author |9 577347 | |
| 110 | 2 | |a Centro de Derecho de la Empresa Facultad de Derecho de la Universidad de los Andes |e author |9 577348 | |
| 245 | 1 | 0 | |a Derecho inmobiliario actual |
| 250 | |a 1a. ed | ||
| 300 | |a 332 p | ||
| 942 | |c BK | ||
| 945 | |d 20141113 14:00:00 |a arojas | ||
| 260 | |a Santiago |b Legal Publishing |c 2014 | ||
| 650 | 0 | |a Bienes |9 255749 | |
| 650 | 0 | |a Derecho de propiedad |9 256450 | |
| 650 | 0 | |a Alzamiento de bienes |9 575867 | |
| 650 | 7 | |a REGISTRO DE PROPIEDAD |2 CL-VaPUC |9 387169 | |
| 583 | |a last modification |c 20161003 08:07:51 |k Rodrigo Vera | ||
| 999 | |c 357740 |d 357738 | ||
| 952 | |0 0 |1 0 |3 erb |4 0 |6 346_830440000000000_FIG_2014 |7 0 |8 A |9 465790 |a BIBDER |b BIBDER |i 5125146 |l 5 |m 1 |o 346.83044 FIG 2014 |p 5125146 |r 2025-03-31 |s 2025-03-04 |w 2019-11-23 |y BK |z Catalogado en:20141113 |k DER | ||